| 000 | 00382 a2200169 4500 | ||
|---|---|---|---|
| 001 | 162892 | ||
| 020 | _a85-262-3144-8 | ||
| 040 | _cMagnum | ||
| 100 | _aMoraes, José Carlos Santos de | ||
| 240 | 1 | 0 |
_aAventura na ilha do meio _lpor |
| 245 | 1 | 0 | _aAventura na ilha do meio |
| 300 | _a63 | ||
| 362 | 0 | _a1997 | |
| 440 | 1 | _aScipione | |
| 697 | _aLITERATURA JUVENIL | ||
| 942 | _cBK | ||
| 999 |
_c162892 _d162892 |
||